Interes Learning centers in enhancing academic performance of grade v pupils/ (Record no. 83985)
[ view plain ]
| 000 -LEADER | |
|---|---|
| fixed length control field | 01488nam a22002417a 4500 |
| 003 - CONTROL NUMBER IDENTIFIER | |
| control field | URS |
| 005 - DATE AND TIME OF LATEST TRANSACTION | |
| control field | 20250804140851.0 |
| 008 - FIXED-LENGTH DATA ELEMENTS--GENERAL INFORMATION | |
| fixed length control field | 250804b |||||||| |||| 00| 0 eng d |
| 050 00 - LIBRARY OF CONGRESS CALL NUMBER | |
| Classification number | LG 221.R59 |
| Item number | .B881 2018 |
| 100 ## - MAIN ENTRY--PERSONAL NAME | |
| Personal name | Buncaras, Camille B. |
| Relator term | Researcher |
| 245 ## - TITLE STATEMENT | |
| Title | <a href="Interes Learning centers in enhancing academic performance of grade v pupils/">Interes Learning centers in enhancing academic performance of grade v pupils/</a> |
| Statement of responsibility, etc | Camille B. Buncaras, Chirstine Joy T. Genon [and] Diana Rose V. Macaranas |
| 260 #1 - PUBLICATION, DISTRIBUTION, ETC. (IMPRINT) | |
| Date of publication, distribution, etc | 2018 |
| 300 ## - PHYSICAL DESCRIPTION | |
| Extent | x, 83 leaves; |
| Other physical details | illustrations, |
| Dimensions | 28 cm. |
| 336 ## - CONTENT TYPE | |
| Source | rdacontent |
| Content type term | text |
| 337 ## - MEDIA TYPE | |
| Source | rdamedia |
| Media type term | unmediated |
| 338 ## - CARRIER TYPE | |
| Source | rdacarrier |
| Carrier type term | volume |
| 502 ## - DISSERTATION NOTE | |
| Dissertation note | Undergraduate Thesis |
| Degree type | Bachelor of Elementary Education-Content Course |
| Name of granting institution | University of Rizal System, Rodriguez, Rizal |
| Year degree granted | 2018 |
| 520 ## - SUMMARY, ETC. | |
| Summary, etc | This study aimed to study and analyze the Interest Learning Centers in Enhancing Academic Performance of Grade V Pupils. The respondents of the study were 15 students wherein nine were female and six were male. They were all studying at Infant Jesus Learning Academy Rodriguez Rizal during the School Year 2017-2018<br/><br/>This study used the Descriptive Qualitative Research Method which aims to determine the nature of situation, as it exists at the time of the study and to explore the causes of particular phenomena. The researchers conducted an interview. |
| 650 ## - SUBJECT ADDED ENTRY--TOPICAL TERM | |
| Source of heading or term | Learning Centers |
| 700 ## - ADDED ENTRY--PERSONAL NAME | |
| Personal name | Genon, Chirstine Joy T. [and] Macaranas, Diana Rose V. |
| Relator term | Researcher |
| 700 ## - ADDED ENTRY--PERSONAL NAME | |
| Personal name | Gimeno, Ferdinand C. |
| Relator term | Adviser |
| 942 ## - ADDED ENTRY ELEMENTS (KOHA) | |
| Source of classification or shelving scheme | Library of Congress Classification |
| Koha item type | Theses and dissertations |
| Withdrawn status | Source of classification or shelving scheme | Damaged status | Not for loan | Home library | Current library | Shelving location | Date acquired | Total Checkouts | Full call number | Barcode | Date last seen | Copy number | Price effective from | Koha item type |
|---|---|---|---|---|---|---|---|---|---|---|---|---|---|---|
| Library of Congress Classification | Not For Loan | Rodriguez College Library | Rodriguez College Library | Undergraduate Theses | 08/04/2025 | LG 221.R59 .B881 2018 | URSROD-UGT-BEED-1195 | 08/04/2025 | 1 | 08/04/2025 | Theses and dissertations |